000
00337nam a2200145 a 4500
008
990104s1974||||xx 0 und c
040
_a
SNK
_b
slo
_c
SNK
_e
AACR2
100
1
_a
Manfred, A. Z.
245
1
0
_a
Napoleon Bonaparte
260
_a
Bratislava
_b
Pravda
_c
1974
300
_a
692 s.
044
_a
xo
_c
SK
041
_a
slo
020
_c
46
999
_c
12120
_d
12120